Countries with Wallaby Populations - Statistics

General Stats
  • This quiz has been taken 33 times
  • The average score is 6 of 8
Answer Stats
Answer % Correct
Australia
100%
New Zealand
100%
Papua New Guinea
89%
United States
86%
Indonesia
82%
United Kingdom
79%
France
57%
Ireland
29%
No matching quizzes found
Score Distribution
Percent of People with Each Score
Percentile by Number Answered
Your Score History
You have not taken this quiz